[Event "XXVII e Open de Metz"]
[Site "Palais des Sports de Metz"]
[Date "2009.04.11"]
[Round "1.3"]
[White "Iordachescu, Viorel"]
[Black "Zienkiewicz, Alexandre"]
[Result "1-0"]
[WhiteElo "2608"]
[BlackElo "2055"]
[Annotator ""]
[Source ""]
[Remark ""]

1.d4 Nf6 2.c4 e5 3.dxe5 Ng4 4.e4 Nxe5 5.f4 Nec6 6.Be3 Bb4+ 7.Nc3
Qh4+ 8.g3 Bxc3+ 9.bxc3 Qe7 10.Bd3 d6 11.Nf3 Na6 {Diagramme #}
12.O-O Nc5 13.Bxc5 dxc5 14.e5 Bh3 15.Re1 O-O-O 16.Qc2 Na5 17.Ng5
Be6 18.Nxe6 fxe6 19.Rad1 g6 20.Be2 Rxd1 21.Rxd1 Rd8 22.h4 Rxd1+
23.Qxd1 Qd7 24.Qc2 a6 25.Kf2 b5 26.Qe4 Kb8 27.cxb5 axb5 28.h5
gxh5 29.Qd3 Qxd3 30.Bxd3 c4 31.Bxh7 Nb7 32.Bg6 Nc5 33.Ke3 Na4
34.Bf7 Nxc3 35.Bxe6 c6 36.f5 Kc7 37.f6 Kd8 38.Bf7 c5 39.Kf3 Nxa2
40.e6 {Diagramme #} c3 41.e7+ Kc7 42.Bg6 1-0

[Event "XXVII e Open de Metz"]
[Site "Palais des Sports de Metz"]
[Date "2009.04.11"]
[Round "1.4"]
[White "Lersy, Xavier"]
[Black "Bauer, Christian"]
[Result "0-1"]
[WhiteElo "2053"]
[BlackElo "2605"]
[Annotator ""]
[Source ""]
[Remark ""]

1.d4 Nf6 2.c4 e6 3.Nf3 c5 4.Nc3 cxd4 5.Nxd4 Nc6 6.e3 Bb4 7.Bd2
O-O 8.a3 Be7 9.b4 d5 10.Nxc6 bxc6 11.c5 e5 12.Na4 Ne4 13.Bd3
f5 14.O-O Bf6 {Diagramme #} 15.Rc1 Be6 16.Be1 Bg5 17.f4 Bh6 18.Qh5
Qc7 19.g3 d4 20.Bxe4 fxe4 21.exd4 exf4 22.Rc3 Qd7 23.gxf4 Bxf4
24.b5 Qxd4+ 0-1

[Event "XXVII e Open de Metz"]
[Site "Palais des Sports de Metz"]
[Date "2009.04.11"]
[Round "1.5"]
[White "Spraggett, Kevin"]
[Black "Van Rienen, Willy"]
[Result "1-0"]
[WhiteElo "2601"]
[BlackElo "2050"]
[Annotator ""]
[Source ""]
[Remark ""]

1.c4 c5 2.g3 Nf6 3.Bg2 g6 4.b3 Bg7 5.Bb2 Nc6 6.Nf3 d6 7.O-O O-O
8.d3 Qc7 9.Nc3 a6 10.Qd2 Rb8 11.Rac1 e5 12.Ne1 Be6 13.Nc2 Qd7
14.Rfe1 Bh3 15.Bh1 h5 16.e3 h4 17.d4 hxg3 {Diagramme # (=)} 18.hxg3
cxd4 19.exd4 exd4 20.Nxd4 Nxd4 21.Qxd4 Nh5 22.Qd2 Be6 23.Ne4
Rfd8 24.Bxg7 Kxg7 25.Qd4+ Kh6 26.Rcd1 b5 27.Qe3+ Kg7 28.Nxd6
bxc4 29.Nf5+ Bxf5 30.Rxd7 Bxd7 31.bxc4 Kg8 32.Bd5 Re8 33.Qc3
Nf6 34.Rxe8+ Nxe8 35.Qf3 Bf5 36.g4 Be6 {Diagramme #} 37.Bxe6
fxe6 38.Qe4 Ng7 39.c5 Kh7 40.c6 Rc8 41.Qb4 a5 42.Qb5 Rc7 43.Qb7
Ne8 44.Qb8 1-0

[Event "XXVII e Open de Metz"]
[Site "Palais des Sports de Metz"]
[Date "2009.04.11"]
[Round "1.6"]
[White "Lafosse, Jimmy"]
[Black "Gharamian, Tigran"]
[Result "0-1"]
[WhiteElo "2039"]
[BlackElo "2600"]
[Annotator ""]
[Source ""]
[Remark ""]

1.e4 c5 2.c3 g6 3.d4 cxd4 4.cxd4 d5 5.e5 Bg7 6.f4 Nh6 7.Nf3 Nc6
8.Nc3 Bg4 9.Bb5 Nf5 10.O-O Nh4 11.Be2 Nf5 12.Bb5 O-O 13.Ne2 {Diagramme #}
Ncxd4 14.Nexd4 Qb6 15.Qd3 Bxf3 16.Rxf3 Nxd4 0-1

[Event "XXVII e Open de Metz"]
[Site "Palais des Sports de Metz"]
[Date "2009.04.11"]
[Round "1.7"]
[White "Hamdouchi, Hicham"]
[Black "Fosset, Francois"]
[Result "1-0"]
[WhiteElo "2596"]
[BlackElo "2033"]
[Annotator ""]
[Source ""]
[Remark ""]

1.e4 Nc6 2.Nf3 d6 3.Bc4 Nf6 4.d3 Bg4 5.Nbd2 e6 6.h3 Bxf3 7.Nxf3
d5 8.exd5 exd5 9.Bb5 Qe7+ 10.Qe2 O-O-O 11.Qxe7 Bxe7 12.Bxc6 bxc6
13.Be3 Rhe8 14.O-O-O {Diagramme #} Nd7 15.Nd4 Kb7 16.Nb3 c5 17.c3
Kb6 18.Kc2 a5 19.a4 Bd6 20.Rhe1 Re6 21.c4 c6 22.d4 dxc4 23.dxc5+
Bxc5 24.Nxc5 Nxc5 25.Rxd8 1-0

[Event "XXVII e Open de Metz"]
[Site "Palais des Sports de Metz"]
[Date "2009.04.11"]
[Round "1.19"]
[White "Zinchenko, Yaroslav"]
[Black "Dreux, Vincent"]
[Result "1-0"]
[WhiteElo "2531"]
[BlackElo "1940"]
[Annotator ""]
[Source ""]
[Remark ""]

1.e4 c6 2.d4 d5 3.exd5 cxd5 4.c4 e6 5.Nc3 Nf6 6.Nf3 Be7 7.cxd5
Nxd5 8.Bd3 O-O 9.O-O Nc6 10.a3 g6 11.Bh6 Re8 {Diagramme #} 12.Re1
Bf6 13.Qd2 Nxd4 14.Nxd4 Bxd4 15.Bb5 Bxc3 16.bxc3 Bd7 17.Qd4 f6
18.Bxd7 Qxd7 19.c4 Nb6 20.Qxf6 Nxc4 21.Rad1 Qf7 22.Qh4 e5 23.Re4
Nxa3 24.Re3 Nb5 25.Rf3 Qe6 26.Rf6 Qb3 27.Qg4 Re7 28.h4 Nd4 29.h5
Qc2 30.Rd2 Qb1+ 31.Kh2 Nf5 32.hxg6 {Diagramme #} Nxh6 33.gxh7+
Kh8 34.Rxh6 Rxh7 35.Rdd6 Rf8 36.Qh5 Rxh6 37.Rxh6+ Kg7 38.Qg5+
Kf7 39.Rf6+ 1-0

[Event "XXVII e Open de Metz"]
[Site "Palais des Sports de Metz"]
[Date "2009.04.12"]
[Round "2.1"]
[White "Bokros, Albert"]
[Black "Svetushkin, Dmitry"]
[Result "1-0"]
[WhiteElo "2483"]
[BlackElo "2615"]
[Annotator ""]
[Source ""]
[Remark ""]

1.e4 c6 2.d4 d5 3.Nc3 dxe4 4.Nxe4 Bf5 5.Ng3 Bg6 6.Nh3 e6 7.Nf4
Bd6 8.Ngh5 Nf6 9.Nxf6+ Qxf6 10.Nxg6 hxg6 11.g3 O-O 12.Bg2 e5
13.d5 c5 14.Be3 {Diagramme #} Nd7 15.h4 e4 16.c3 Ne5 17.Bxe4
Nc4 18.Qe2 Nxe3 19.Qxe3 Rae8 20.O-O-O Re5 21.f4 Re7 22.Qf3 Rfe8
23.Rhe1 c4 24.Re2 b5 25.Rde1 b4 26.Kd2 Rb8 27.Bc2 bxc3+ 28.bxc3
Reb7 29.Re8+ Bf8 30.h5 gxh5 31.Qxh5 g6 32.Qe5 Kg7 33.Rxb8 {Diagramme #}
Qxe5 34.fxe5 Rxb8 35.Re4 Rd8 36.d6 f6 37.Ba4 fxe5 38.d7 Kf6 39.Rxc4
Bd6 40.Rc8 Ke7 41.Ke3 1-0

[Event "XXVII e Open de Metz"]
[Site "Palais des Sports de Metz"]
[Date "2009.04.12"]
[Round "2.3"]
[White "Czebe, Attila"]
[Black "Iordachescu, Viorel"]
[Result "0-1"]
[WhiteElo "2472"]
[BlackElo "2608"]
[Annotator ""]
[Source ""]
[Remark ""]

1.e4 e5 2.d4 exd4 3.Nf3 Bb4+ 4.c3 dxc3 5.bxc3 Bc5 6.Bc4 d5 7.exd5
Nf6 8.Qe2+ Qe7 9.Qxe7+ Bxe7 10.O-O O-O 11.Bf4 Bd6 12.Bxd6 cxd6
13.Nd4 Nbd7 14.Bb3 Nc5 15.c4 Bd7 {Diagramme #} 16.Bc2 g6 17.Nd2
Rfc8 18.h3 Rc7 19.Rfe1 Re8 20.g4 Kf8 21.f3 Rxe1+ 22.Rxe1 Na4
23.Bxa4 Bxa4 24.Kf2 Nd7 25.Kg3 Ne5 26.Re4 a6 27.f4 Nd3 28.N4f3
b5 29.Rd4 Nc1 30.Kf2 Nxa2 31.cxb5 Bxb5 32.Ne4 Rc2+ 33.Rd2 Rxd2+
34.Nfxd2 Nb4 35.Nxd6 Nxd5 36.f5 Ke7 37.fxg6 fxg6 38.Nb7 Nf4 39.h4
Ke6 40.Nf3 Kd5 41.Ke3 Ne6 42.Na5 Kc5 43.Ne1 Kb4 44.Nb7 Kc3 45.h5
g5 46.h6 Bc6 47.Na5 Bd5 48.Nd3 Nd8 49.Ne5 {Diagramme #} Nf7 50.Nxf7
Bxf7 51.Nb7 Bd5 52.Nd6 a5 53.Nb5+ Kc4 54.Nd6+ Kb3 55.Kd4 a4 56.Nb5
Bc4 0-1

[Event "XXVII e Open de Metz"]
[Site "Palais des Sports de Metz"]
[Date "2009.04.12"]
[Round "2.4"]
[White "Bauer, Christian"]
[Black "Drenchev, Petar"]
[Result "1-0"]
[WhiteElo "2605"]
[BlackElo "2450"]
[Annotator ""]
[Source ""]
[Remark ""]

1.e4 e5 2.Bc4 Nf6 3.d3 c6 4.Nf3 d5 5.Bb3 a5 6.a3 Bd6 7.exd5 a4
8.Ba2 Nxd5 9.O-O {Diagramme #} O-O 10.Re1 Bg4 11.Nbd2 Nd7 12.h3
Bh5 13.Nc4 Qc7 14.g4 Bg6 15.Ng5 Bc5 16.Qf3 Ba7 17.Qg3 b5 18.Ne3
Qa5 19.Nf3 e4 20.Bd2 Qd8 21.dxe4 Bxe4 22.Nxd5 cxd5 23.Bg5 Qb6
24.Nd2 Bb8 25.Qe3 Qxe3 26.Rxe3 Ba7 27.Nxe4 Bxe3 28.Bxd5 Bxg5
29.Bxa8 Rxa8 30.Nxg5 Rc8 31.c3 Ne5 32.Re1 f6 33.Re2 Rd8 34.Ne6
Rd1+ 35.Kg2 Nd3 36.Kf3 Rb1 37.Rd2 Ne5+ 38.Kg2 Kf7 39.Nc7 Ke7
40.Nxb5 Nc4 41.Rd4 Ne3+ 42.fxe3 {Diagramme #} Rxb2+ 43.Kf3 Rxb5
44.Rxa4 g5 45.Rb4 Rd5 46.Ke2 Ke6 47.a4 1-0

[Event "XXVII e Open de Metz"]
[Site "Palais des Sports de Metz"]
[Date "2009.04.12"]
[Round "2.5"]
[White "Fargere, Francois"]
[Black "Spraggett, Kevin"]
[Result "1/2-1/2"]
[WhiteElo "2459"]
[BlackElo "2601"]
[Annotator ""]
[Source ""]
[Remark ""]

1.e4 Nf6 2.e5 Nd5 3.d4 d6 4.Nf3 g6 5.Bc4 c6 6.O-O Bg7 7.exd6
Qxd6 8.h3 O-O 9.Nbd2 a5 10.a4 Bf5 11.Bb3 Qc7 12.Nc4 Nd7 13.Re1
N7f6 14.Nce5 b5 15.Bg5 Rad8 16.Qc1 b4 17.c4 bxc3 18.bxc3 Rb8
19.Bc4 Rb7 20.Bd3 Bxd3 21.Nxd3 {Diagramme #} Rb3 22.Ra3 Rxa3
23.Qxa3 e6 24.c4 Nb6 25.Bf4 Qa7 26.Qb3 Nfd7 27.Bd6 Ra8 28.Nde5
Nxe5 29.Nxe5 Qa6 30.Bc5 Bxe5 31.Bxb6 Bg7 32.Bc5 1/2-1/2

[Event "XXVII e Open de Metz"]
[Site "Palais des Sports de Metz"]
[Date "2009.04.12"]
[Round "2.7"]
[White "Vernay, Clovis"]
[Black "Hamdouchi, Hicham"]
[Result "1/2-1/2"]
[WhiteElo "2440"]
[BlackElo "2596"]
[Annotator ""]
[Source ""]
[Remark ""]

1.d4 Nf6 2.c4 g6 3.Nc3 d5 4.Qb3 dxc4 5.Qxc4 Bg7 6.Nf3 O-O 7.e4
a6 8.Bf4 b5 9.Qxc7 Qxc7 10.Bxc7 Bb7 11.e5 Nd5 12.Nxd5 Bxd5 13.Be2
Rc8 14.Ba5 Nc6 15.Bc3 Rab8 16.O-O b4 17.Bd2 Bxf3 18.Bxa6 {Diagramme #}
Bd5 19.Bxc8 Rxc8 20.Rfc1 Ra8 21.Rxc6 Bxc6 22.Bxb4 f6 23.f4 fxe5
24.dxe5 Kf7 25.Rc1 Ra6 26.h4 Bf8 27.a3 Bd7 28.Kf2 Ra7 29.Ke3
Bf5 30.Bc3 Rc7 31.b4 Rc4 32.Bb2 Re4+ 33.Kf3 h5 34.g3 Ke6 35.Rc8
Re1 36.Kf2 Rb1 37.Bd4 Kf7 38.Rb8 Rd1 39.Bc5 Rd2+ 40.Ke1 Rd3 41.b5
Rc3 42.Bb4 1/2-1/2

[Event "XXVII e Open de Metz"]
[Site "Palais des Sports de Metz"]
[Date "2009.04.12"]
[Round "2.8"]
[White "Laurent, Bruno"]
[Black "Agrest, Evgenij"]
[Result "1/2-1/2"]
[WhiteElo "2351"]
[BlackElo "2588"]
[Annotator ""]
[Source ""]
[Remark ""]

1.e4 c6 2.d4 d5 3.Nc3 dxe4 4.Nxe4 Bf5 5.Ng3 Bg6 6.h4 h6 7.Nf3
Nd7 8.h5 Bh7 9.Bd3 Bxd3 10.Qxd3 e6 11.Bf4 Qa5+ 12.Bd2 Bb4 13.c3
Be7 14.c4 Qc7 15.O-O Ngf6 16.Rfe1 O-O 17.Nf5 Bd8 18.Ng3 Qd6 19.Rad1
a5 20.Qc2 b5 21.Ne5 bxc4 22.Qxc4 {Diagramme # (=)} Rc8 23.Qa6
Rb8 24.b3 Rb5 25.Qxc6 Qxc6 26.Nxc6 Nxh5 27.a4 Rd5 {Diagramme # (=)}
28.Nf1 Nhf6 29.Ne3 Rh5 30.Nc4 Nd5 31.Bxa5 Bxa5 32.N4xa5 Rc8 33.Rc1
Kh7 34.Nb7 Nf4 35.Nd6 Rc7 36.Nb5 Rxb5 37.axb5 Nd3 38.Ra1 Nxe1
39.Rxe1 1/2-1/2

[Event "XXVII e Open de Metz"]
[Site "Palais des Sports de Metz"]
[Date "2009.04.12"]
[Round "2.9"]
[White "David, Alberto"]
[Black "Milchev, Nikolay"]
[Result "1/2-1/2"]
[WhiteElo "2587"]
[BlackElo "2346"]
[Annotator ""]
[Source ""]
[Remark ""]

1.e4 e5 2.Nf3 Nf6 3.d4 Nxe4 4.Bd3 Nc6 5.dxe5 d5 6.O-O Bg4 7.Nc3
Nxc3 8.bxc3 Be7 9.Re1 a6 10.h3 Be6 11.Rb1 Rb8 12.Nd4 Nxd4 13.cxd4
h5 14.f4 g6 15.f5 gxf5 16.Rf1 b5 17.Bxf5 Kd7 18.a4 c6 19.axb5
axb5 20.Bd2 Ra8 21.Qe2 Qb6 22.Be3 Qa5 23.Kh2 Qa2 24.Rbd1 Qc4
25.Bd3 Qc3 26.Rb1 Ra2 27.Qd1 Qa3 28.Kh1 {Diagramme #} Qc3 29.Rf4
Bg5 30.Bd2 Qa3 31.Bb4 Qa4 32.Rf1 Be7 33.Bxe7 Kxe7 34.Qf3 Kd7
35.Bf5 Kc7 36.Bxe6 fxe6 37.Qf7+ 1/2-1/2

[Event "XXVII e Open de Metz"]
[Site "Palais des Sports de Metz"]
[Date "2009.04.12"]
[Round "2.10"]
[White "Le Quang, Kim"]
[Black "Borovikov, Vladislav"]
[Result "0-1"]
[WhiteElo "2333"]
[BlackElo "2584"]
[Annotator ""]
[Source ""]
[Remark ""]

1.b3 c5 2.Bb2 Nc6 3.e3 Nf6 4.Nf3 e6 5.Bb5 Qc7 6.O-O Be7 7.Nc3
d6 8.d4 a6 9.Bxc6+ Qxc6 10.dxc5 Qxc5 11.a4 O-O 12.Qd3 Bd7 13.Rfd1
Rfc8 14.h3 {Diagramme #} b5 15.Ne1 Bc6 16.Qd4 Qxd4 17.Rxd4 Ne8
18.Rd2 d5 19.Nd3 Nd6 20.Rdd1 bxa4 21.Nxa4 Bxa4 22.Rxa4 Rxc2 23.Rda1
Rd2 24.Rxa6 Rxa6 25.Rxa6 Rxd3 26.Ra8+ Bf8 27.Be5 Nf5 28.g4 Nh4
29.Bd6 Ng6 30.h4 d4 31.h5 dxe3 32.hxg6 Rxd6 {Diagramme #} 33.Rxf8+
Kxf8 34.gxh7 e2 35.h8Q+ Ke7 36.Qh4+ f6 37.g5 e1Q+ 38.Kg2 Qe5 0-1

[Event "XXVII e Open de Metz"]
[Site "Palais des Sports de Metz"]
[Date "2009.04.12"]
[Round "2.45"]
[White "Dreux, Vincent"]
[Black "Harmand, Yann"]
[Result "1-0"]
[WhiteElo "1940"]
[BlackElo "1614"]
[Annotator ""]
[Source ""]
[Remark ""]

1.c4 e5 2.Nc3 Nf6 3.g3 Bc5 4.Bg2 c6 5.Nf3 d6 6.O-O Bf5 7.e3 Qd7
8.d4 e4 9.Ng5 Bg4 10.Qb3 {Diagramme #} Bb6 11.Ngxe4 Nxe4 12.Nxe4
Ba5 13.c5 O-O 14.f3 Be6 15.Qa3 d5 16.Qxa5 dxe4 17.fxe4 Bh3 18.Qd2
Re8 19.e5 Qg4 20.Qf2 Re7 21.Bxh3 Qxh3 22.Qf5 Qxf5 23.Rxf5 Nd7
24.Bd2 {Diagramme #} Rd8 25.Raf1 Nxc5 26.Bb4 b6 27.dxc5 bxc5
28.Bxc5 Red7 29.e6 1-0

[Event "XXVII e Open de Metz"]
[Site "Palais des Sports de Metz"]
[Date "2009.04.12"]
[Round "3.1"]
[White "Iordachescu, Viorel"]
[Black "Savchenko, Stanislav"]
[Result "1/2-1/2"]
[WhiteElo "2608"]
[BlackElo "2529"]
[Annotator ""]
[Source ""]
[Remark ""]

1.e4 {[%emt 0:00:00]} e6 2.d4 d5 3.Nc3 Nf6 4.Bg5 dxe4 5.Nxe4
Nbd7 6.Nf3 h6 7.Nxf6+ Nxf6 8.Be3 Nd5 9.Bd3 Nxe3 10.fxe3 Bd6 11.e4
e5 12.dxe5 Bc5 13.Bb5+ c6 14.Qxd8+ Kxd8 15.Bc4 Ke7 16.c3 Be6
17.Bxe6 Kxe6 18.a4 a6 19.Ke2 Bb6 20.Rhf1 Rhf8 21.Rad1 Rad8 22.Nd4+
Kxe5 23.Rf5+ Kd6 24.a5 Bxd4 25.cxd4 Rfe8 26.Ke3 Rd7
( 26...Re7 27.Rdf1 f6 28.h4 Rdd7 ) 27.Rdf1 f6 28.h4 Rde7 29.R1f4
b6 1/2-1/2

[Event "XXVII e Open de Metz"]
[Site "Palais des Sports de Metz"]
[Date "2009.04.12"]
[Round "3.3"]
[White "Borovikov, Vladislav"]
[Black "Horvath, Adam"]
[Result "1-0"]
[WhiteElo "2584"]
[BlackElo "2519"]
[Annotator ""]
[Source ""]
[Remark ""]

1.d4 Nf6 2.Nf3 e6 3.c4 d5 4.Nc3 dxc4 5.Qa4+ c6 6.Qxc4 b5 7.Qd3
Bb7 8.e4 b4 9.Na4 Qa5 10.b3 Nbd7 11.Be3 Be7 12.Nd2 O-O 13.f3
Rfd8 14.Qc2 c5 15.dxc5 Rac8 16.Rc1 Nxc5 17.Bxc5 Bxc5 18.Qxc5
{Diagramme #} 1-0

[Event "XXVII e Open de Metz"]
[Site "Palais des Sports de Metz"]
[Date "2009.04.12"]
[Round "3.4"]
[White "Lalic, Bogdan"]
[Black "Zubarev, Alexander"]
[Result "1/2-1/2"]
[WhiteElo "2508"]
[BlackElo "2566"]
[Annotator ""]
[Source ""]
[Remark ""]

1.Nf3 c5 2.c4 g6 3.d4 cxd4 4.Nxd4 Nc6 5.e4 Nf6 6.Nc3 Nxd4 7.Qxd4
d6 8.Bg5 Bg7 9.Qd2 O-O 10.Rc1 a5 11.Be2 a4 12.O-O Qa5 13.f3 Be6
14.Nd5 Qxd2 15.Bxd2 Bxd5 16.cxd5 Nd7 17.Rc7 Nc5 18.Rb1 Rfc8 19.Rxc8+
Rxc8 20.Be3 Ra8 21.Kf1 Bf6 22.g3 1/2-1/2

[Event "XXVII e Open de Metz"]
[Site "Palais des Sports de Metz"]
[Date "2009.04.12"]
[Round "3.7"]
[White "Guliyev, Namig"]
[Black "Russo, Julien"]
[Result "1-0"]
[WhiteElo "2534"]
[BlackElo "2088"]
[Annotator ""]
[Source ""]
[Remark ""]

1.e4 e6 2.d4 d5 3.Nc3 Nf6 4.Bg5 Bb4 5.e5 h6 6.Bd2 Bxc3 7.bxc3
Ne4 8.Qg4 g6 9.Bd3 Nxd2 10.Kxd2 c5 11.h4 Nc6 12.Nf3 cxd4 13.cxd4
Qa5+ 14.c3 b6 15.Qf4 Ba6 16.Bxa6 Qxa6 17.h5 gxh5 18.Rxh5 Qa3
19.Rc1 {Diagramme #} Rc8 ( 19...Qxa2+ ) 20.Rc2 b5 21.Rxh6 Rxh6
22.Qxh6 b4 23.cxb4 Qxb4+ 24.Ke2 Qb5+ 25.Ke1 Rb8 {??} 26.Rxc6
Qxc6 27.Qh8+ Kd7 28.Qxb8 Qc1+ 29.Ke2 Qc4+ 30.Ke3 Qc1+ 31.Nd2
Qc3+ 32.Ke2 Qxd4 33.Qb5+ Ke7 34.Nf3 Qe4+ 35.Kf1 Qc2 36.Qb4+ 1-0

[Event "XXVII e Open de Metz"]
[Site "Palais des Sports de Metz"]
[Date "2009.04.12"]
[Round "3.10"]
[White "Wirig, Anthony"]
[Black "Gharamian, Tigran"]
[Result "1/2-1/2"]
[WhiteElo "2472"]
[BlackElo "2600"]
[Annotator ""]
[Source ""]
[Remark ""]

1.e4 {[%emt 0:00:00]} c5 2.Nf3 d6 3.d4 {[%emt 0:00:00]} cxd4
{[%emt 0:00:00]} 4.Nxd4 Nf6 5.Nc3 a6 6.Bg5 e6 7.f4 Qb6 8.Qd2
Qxb2 9.Rb1 {[%emt 0:00:00]} Qa3 ( 9...Qa3 {[%emt 0:00:00]} 10.f5
Nc6 11.fxe6 fxe6 12.Nxc6 bxc6 13.Be2 Be7 14.O-O O-O 15.Rb3 Qc5+
16.Be3 Qe5 17.Bd4 Qa5 18.Bb6 Qe5 19.Bd4 Qa5 20.Bb6 Qe5 21.Bd4
Qa5 22.Bb6 ) 10.f5 Nc6 11.fxe6 fxe6 12.Nxc6 bxc6 13.Be2 Be7 14.O-O
O-O 15.Rb3 Qc5+ 16.Be3 Qe5 17.Bd4 Qa5 18.Bb6 Qe5 19.Bd4 Qa5 20.Bb6
Qe5 21.Bd4 1/2-1/2

[Event "XXVII e Open de Metz"]
[Site "Palais des Sports de Metz"]
[Date "2009.04.12"]
[Round "3.11"]
[White "Hamdouchi, Hicham"]
[Black "Fargere, Francois"]
[Result "1-0"]
[WhiteElo "2596"]
[BlackElo "2459"]
[Annotator ""]
[Source ""]
[Remark ""]

1.e4 {[%emt 0:00:00]} c5 {[%emt 0:00:00]} 2.Nf3 d6 3.d4 cxd4
4.Nxd4 Nf6 5.Nc3 a6 6.Bc4 e6 7.Bb3 b5 8.O-O Be7 9.Qf3 Qb6 10.Be3
Qb7 {[%emt 0:00:00]} 11.Qg3 b4 12.Na4 Nbd7 13.f3 O-O 14.Kh1 Ne5
15.a3 a5 16.Nb6 Nh5 17.Qh3 Nf4 18.Bxf4 Qxb6 19.Be3 Qb7 20.f4
Nc6 21.Qg3 Bf6 22.Nxc6 Qxc6 23.e5 Be7 24.f5 $18 Kh8 25.axb4 a4
26.b5 Qxb5 27.Bd4 axb3 28.f6 gxf6 $18 {Diagramme #}
( 28...Bxf6 ) 29.exf6 Rg8 30.fxe7+ e5 31.Rxa8 Qxf1+ 32.Bg1 Rxg3
33.hxg3 Kg7 34.e8Q Bb7 35.Qf8+ Kg6 36.Qxd6+ f6 37.Rg8+ Kh5 38.Qd2
bxc2 39.g4+ Kh4 {Diagramme #} 1-0

[Event "XXVII e Open de Metz"]
[Site "Palais des Sports de Metz"]
[Date "2009.04.12"]
[Round "3.13"]
[White "Agrest, Evgenij"]
[Black "Vernay, Clovis"]
[Result "1-0"]
[WhiteElo "2588"]
[BlackElo "2440"]
[Annotator ""]
[Source ""]
[Remark ""]

1.Nf3 {[%emt 0:00:00]} d5 2.d4 Nf6 3.c4 c6 4.Qb3 dxc4 5.Qxc4
Bf5 6.g3 e6 7.Bg2 Nbd7 8.Nc3 Be7 9.O-O O-O 10.Re1 Ne4 11.Qb3
Qb6 12.Nh4 Qxb3 13.axb3 Bb4 14.Nxf5 exf5 15.Bxe4 fxe4 16.Bd2
Rfe8 17.Nxe4 Rxe4 18.Bxb4 Rxd4 19.Bc3 Rd6 20.Red1 Rxd1+ 21.Rxd1
Nc5 22.b4 Na4 23.Bd4 a5 {Diagramme #} ( 23...Rd8 $14 ) 24.b3
axb4 25.bxa4 Rd8 26.Rd3 1-0

[Event "XXVII e Open de Metz"]
[Site "Palais des Sports de Metz"]
[Date "2009.04.12"]
[Round "3.14"]
[White "Schneider, Veronika"]
[Black "David, Alberto"]
[Result "0-1"]
[WhiteElo "2320"]
[BlackElo "2587"]
[Annotator ""]
[Source ""]
[Remark ""]

1.e4 {[%emt 0:00:00]} c6 2.c4 d5 3.cxd5 cxd5 4.exd5 Nf6 5.Bb5+
Nbd7 6.Nc3 a6 7.Be2 b5 8.d4 b4 9.Na4 Nxd5 10.Nf3 e6 11.O-O Rb8
12.Bg5 Be7 13.Bxe7 Qxe7 14.Rc1 O-O 15.Ne5 Nxe5 16.dxe5 0-1

[Event "XXVII e Open de Metz"]
[Site "Palais des Sports de Metz"]
[Date "2009.04.12"]
[Round "3.16"]
[White "Chatalbashev, Boris"]
[Black "Laurent, Bruno"]
[Result "1-0"]
[WhiteElo "2571"]
[BlackElo "2351"]
[Annotator ""]
[Source ""]
[Remark ""]

1.d4 Nf6 2.c4 c5 3.d5 e6 4.Nc3 exd5 5.cxd5 d6 6.e4 g6 7.Bd3 Bg7
8.Nge2 O-O 9.O-O Na6 10.Bg5 h6 11.Bf4 Nc7 12.a4 Na6 13.Qd2 Nb4
14.Bc4 Kh7 15.h3 Nd7 16.Ng3 Ne5 17.Be2 a6 18.a5 Bd7 19.Na4 Bb5
20.Nb6 Rb8 21.Ra3 Re8 22.Rb3 Bxe2 23.Qxe2 Bf6 24.Bd2 Nc2 25.Bc3
Nd4 26.Bxd4 cxd4 27.Qd2 Nd7 28.Qf4 Ne5 29.Qd2 Nd7 30.Nxd7 Qxd7
31.f4 Rbc8 {Diagramme #} 32.Rff3 Qc7 33.e5 Bg7 34.Qxd4 Re7 35.Ne4
dxe5 36.fxe5 Bxe5 37.Qb4 Rd8 1-0

[Event "XXVII e Open de Metz"]
[Site "Palais des Sports de Metz"]
[Date "2009.04.12"]
[Round "3.21"]
[White "Poussier, Thierry"]
[Black "Le Quang, Kim"]
[Result "0-1"]
[WhiteElo "2017"]
[BlackElo "2333"]
[Annotator ""]
[Source ""]
[Remark ""]

1.d4 d6 2.Bg5 h6 3.Bh4 c5 ( 3...g5 ) 4.dxc5 Qa5+ 5.Qd2 Qxc5 6.e4
Nc6 7.f4 Bd7 8.Nf3 Nf6 9.Bd3 e6 10.a3 Be7 11.Bf2 Qa5 12.b4 Qc7
13.Nc3 O-O 14.h3 Rfd8 15.g4 Be8 16.g5 hxg5 {Diagramme #} 17.Nxg5
$17 d5 18.Nb5 Qb8 19.Qe3 $19 a6 20.e5 axb5 21.exf6 Bxf6 22.c3
Bxc3+ 23.Ke2 Nd4+ {Diagramme #} 0-1

[Event "XXVII e Open de Metz"]
[Site "Palais des Sports de Metz"]
[Date "2009.04.12"]
[Round "3.22"]
[White "Hamdouchi, Adina-Maria"]
[Black "Laufer, Thierry"]
[Result "1-0"]
[WhiteElo "2314"]
[BlackElo "2011"]
[Annotator ""]
[Source ""]
[Remark ""]

1.d4 {[%emt 0:00:00]} d5 {[%emt 0:00:00]} 2.Bf4 Nf6 3.e3 c6 4.Nf3
Qb6 5.b3 Bf5 6.h3 e6 7.Bd3 Bxd3 8.Qxd3 c5 9.O-O Nc6 10.Nc3 cxd4
11.exd4 Be7 12.Na4 Qa5 13.a3 O-O 14.Bd2 Qc7 15.Nc3 a6 16.Ne2
Ne4 17.Bf4 Bd6 18.Bxd6 Qxd6 19.c4 b6 20.b4 Rfc8 21.Rac1 Nf6 22.c5
Qb8 23.cxb6 Qxb6 24.Nc3 Qb7 25.Na4 Rab8 26.Nc3 Na7 {[%emt 0:00:00]}
27.Ne5 {[%emt 0:00:00]} Nb5 28.Na4 Rxc1 29.Rxc1 Rc8 30.Nc5 Qa7
31.a4 Nd6 32.Rb1 a5 33.b5 Qb6 34.Nc6 Kf8 35.Re1 Re8 36.Qg3 Nc4
37.Qf4 Kg8 38.g4 h6 39.h4 e5 40.Nxe5 Nxe5 41.Rxe5 Rxe5 42.Qxe5
Qd8 43.f3 Kf8 44.g5 hxg5 45.hxg5 Ne8 46.b6 Kg8 47.b7 Nc7 {Diagramme #}
( 47...Nd6 48.g6 Nxb7 49.gxf7+ ) 48.Nd7 1-0

[Event "XXVII e Open de Metz"]
[Site "Palais des Sports de Metz"]
[Date "2009.04.12"]
[Round "3.25"]
[White "Vaillant, Stephane"]
[Black "Schweitzer, Viktoriya"]
[Result "1-0"]
[WhiteElo "1985"]
[BlackElo "2223"]
[Annotator ""]
[Source ""]
[Remark ""]

1.d4 {[%emt 0:00:00]} d6 2.Nf3 Nf6 3.c4 Nbd7 4.Nc3 e5 5.e4 g6
6.Be2 Bg7 7.O-O exd4 8.Nxd4 O-O 9.Be3 Re8 10.f3 h6 11.Qd2 Kh7
12.Rfe1 ( 12.Rfd1 a5 13.Rac1 Nc5 14.Bf1 Bd7 15.Bf2 b6 ) a5 13.Rac1
Nc5 14.Bf1 Bd7 15.Bf2 b6 16.Rcd1 Rc8 17.Rc1 Nh5 18.Nd5
( 18.Ndb5 c6 ) c6 19.Nc3 Be5 20.Nce2 Qf6 21.b3 d5 22.cxd5 cxd5
23.exd5 Qd6 24.g3 Qxd5 25.Nc3 Qd6 26.Rcd1 Bg7 27.Rxe8 Bxe8 28.Ndb5
Qxd2 29.Rxd2 Nf6 30.Bc4 Bf8 31.Be3 Ne6 32.Bxb6 Bb4 33.Re2 Ng4 1-0

[Event "XXVII e Open de Metz"]
[Site "Palais des Sports de Metz"]
[Date "2009.04.13"]
[Round "4.1"]
[White "Bauer, Christian"]
[Black "Borovikov, Vladislav"]
[Result "1/2-1/2"]
[WhiteElo "2605"]
[BlackElo "2584"]
[Annotator ""]
[Source ""]
[Remark ""]

1.e4 c5 2.Nf3 d6 3.Bc4 Nf6 4.d3 Nc6 5.O-O e6 6.Bb3 Be7 7.c3 O-O
8.Nbd2 b6 9.Re1 Ba6 10.Nf1 Ne5 11.Bc2 Rc8 12.Ng5 Nfd7 13.Nh3
Nc6 14.Ne3 Nf6 15.f4 d5 16.e5 Nd7 17.c4 d4 18.Ng4 Bb7 19.Ba4
Qc7 20.Ngf2 Kh8 21.Bd2 Rce8 22.a3 Bd8 23.Ne4 f5 24.Nd6 Re7 25.Nxb7
Qxb7 26.Qf3 Ndb8 27.b4 Qc8 28.Reb1 Rc7 29.Bxc6 Nxc6 30.b5 Nb8
31.a4 Qb7 32.Qh5 Re7 33.Be1 Ree8 34.a5 bxa5 35.Bh4 Bb6 36.Ng5
h6 37.Be1 Kg8 38.Nf3 Qe7 39.Nd2 Kh7 40.Nb3 Rg8 {Diagramme #}
41.Bxa5 g6 42.Qh3 g5 43.Bd2 gxf4 44.Bxf4 Rg6 45.Rf1 Reg8 46.Rf3
Qg7 47.Rg3 Rxg3 48.Qxg3 Qb7 49.Qh3 Rg6 50.Kf2 Qg7 51.Nd2 Rg4
52.g3 Nd7 53.Nf3 Nf8 54.Qh5 Qg6 55.Qxg6+ Rxg6 56.Bd2 Rg7 57.Rg1
Rb7 58.h3 Ng6 59.h4 Bc7 60.h5 Ne7 61.Ra1 Bb6 62.Nh4 Kg7 63.Kf3
Nc8 64.Ng6 Ne7 65.Nf4 Kf7 66.Ra6 Rb8 67.Ne2 Kg7 68.Nc1 Rb7 69.Ba5
Nc8 {Diagramme #} 70.Bxb6 axb6 71.Ra8 Rc7 72.Rb8 Kf7 73.Ne2 Ke7
74.Nf4 Kd7 75.Ra8 Ra7 76.Rxa7+ Nxa7 77.g4 fxg4+ 78.Kxg4 Nc8 79.Ne2
Ne7 80.Ng3 Ke8 81.Kf3 Kd8 82.Kf4 Kd7 83.Kg4 1/2-1/2

[Event "XXVII e Open de Metz"]
[Site "Palais des Sports de Metz"]
[Date "2009.04.13"]
[Round "4.5"]
[White "Shchekachev, Andrei"]
[Black "Hamdouchi, Hicham"]
[Result "1-0"]
[WhiteElo "2532"]
[BlackElo "2596"]
[Annotator ""]
[Source ""]
[Remark ""]

1.Nf3 Nf6 2.c4 c6 3.d4 d5 4.Nc3 dxc4 5.a4 e6 6.Bg5 Bb4 7.e4 Bxc3+
8.bxc3 Qa5 9.e5 Ne4 10.Bd2 Nxd2 11.Qxd2 Qd5 12.Be2 h6 13.O-O
O-O 14.a5 c5 15.Qa2 cxd4 16.Bxc4 Qd8 17.Nxd4 Bd7 18.f4 Qe7 19.Rab1
Qc5 20.Rxb7 Rc8 21.Rfb1 Qxc4 22.Qxc4 Rxc4 23.Rxb8+ Rc8 24.Rxa8
Rxa8 25.Rb7 {Diagramme #} Bc8 26.Rc7 Rb8 27.Rxa7 Bb7 28.c4 Be4
29.Nb5 Bc6 30.a6 Rb6 31.Nd4 Be4 32.Kf2 g5 33.fxg5 hxg5 34.c5
Rb4 35.Rd7 Rc4 36.c6 1-0